[Event "EU-ch U16 Girls 19th"]
[Site "Fermo"]
[Date "2009.09.08"]
[Round "8"]
[White "Zakoscielna, Kinga"]
[Black "Haitovich, Avital"]
[Result "1/2-1/2"]
[WhiteElo "2089"]
[BlackElo "1890"]
[PlyCount "87"]
[EventDate "2009.08.31"]
[EventType "swiss"]
[EventRounds "9"]
[EventCountry "ITA"]
[SourceTitle "CBM 132 Extra"]
[Source "ChessBase"]
[SourceDate "2009.11.03"]
[SourceVersion "1"]
[SourceVersionDate "2009.11.03"]
[SourceQuality "1"]

1. e4 c5 2. Nf3 Nc6 3. d4 cxd4 4. Nxd4 Nf6 5. Nc3 e6 6. Ndb5 d6 7. Bf4 e5 8. Bg5 a6 9. Na3 b5 10. Nd5 Be7 11. Bxf6 Bxf6 12. c3 Bg5 13. Nc2 0-0 14. Be2 f5 15. exf5 Bxf5 16. 0-0 Kh8 17. a4 Rb8 18. axb5 axb5 19. Ncb4 Nxb4 20. Nxb4 Be4 21. Bd3 Ba8 22. Qe2 Qb6 23. Ra6 Qc5 24. Ra5 e4 25. Bc2 d5 26. Na6 Qb6 27. b4 Rbc8 28. Qxb5 Qxb5 29. Rxb5 Rxc3 30. Bxe4 Bc6 31. Ra5 Bd8 32. Rxd5 Bxd5 33. Bxd5 Bb6 34. Bf3 Rc2 35. h4 g6 36. Nc5 Bxc5 37. bxc5 Rxc5 38. Kh2 Rf4 39. Kg3 Rcc4 40. h5 g5 41. Re1 Rc3 42. h6 Rf8 43. Re5 Rg8 44. Kg4 1/2-1/2